Sports Quiz

Random Sports or NBA Quiz

Игроки из России в НБА Quiz Stats

 Plays Quiz not verified by Sporcle

Score 0/24 Timer 07:00
0 Plays Today
% Correct
2019
77.3%
1975
64.3%
1986
63.1%
2016
54%
1994
52.9%
2018
47.6%
2017
39.9%
1999
34.1%
2001
33%
1996
30.3%
2015
28.6%
2004
28.5%
% Correct
2012
26.5%
2014
24.2%
2013
23%
2008
22.3%
2006
19.7%
2005
18.3%
2011
17.8%
2003
17.5%
2009
17.1%
2010
15.8%
2000
13.7%
2007
13%

You're not logged in!

Compare scores with friends on all Sporcle quizzes.
OR
Log In

Show Comments

Extras

Created Jul 10, 2019ReportNominate
Tags:NBA Quiz, russian

Top Quizzes Today


Score Distribution

Your Account Isn't Verified!

In order to create a playlist on Sporcle, you need to verify the email address you used during registration. Go to your Sporcle Settings to finish the process.

Report this User

Report this user for behavior that violates our Community Guidelines.

Details: